000 00468nam a2200181Ia 4500
005 20250508151951.0
008 008 250505s9999 xx 000 0 eng d
037 _aTextual
040 _aFEDL
_beng
_cFEDL
041 _aeng
_2eng
084 _aB, KEL
_qFEDL
100 _aKeller Helen
245 0 _aStory of my life
260 _aLondon, UK
_bLongmans, Green and Co.
_c1948
300 _a102p.
942 _cTEXL
_hB, KEL
999 _c1333266
_d1333266